000 00302 a2200121 4500
001 64870
040 _cAnchieta - Pituba
240 1 0 _a2ª Avaliação multidisciplinar, 3ª série
_lpor
245 1 0 _a2ª Avaliação multidisciplinar, 3ª série
362 0 _a2018
650 4 _aMatemática
942 _cBK
999 _c64870
_d64870